LEADER 01398nam a2200265 i 4500 001 000000043032 003 CaOOAMICUS 005 20230707103748.0 008 140331s1993 gw u000 u ger u 020 $a3-525-53841-3 040 $aSeMil$bita 100 1 $aJonas, Hans,$d<1903-1993>.$0(OLS)http://semarc/name/706 245 13$a2: Von der Mythologie zur mystischen Philosophie :$berste und zweite Hälfte /$cHans Jonas ; herausgegeben von Kurt Rudolph. 264 1$aGöttingen :$bVandenhoeck & Ruprecht,$c1993. 300 $aXVI, 410 p. ;$c24 cm 500 $aI primi 5 cap. sono facsimile dell'ed. del 1954 pubblicati nella stessa collana nel volume n° 63. 700 1 $aRudolph, Kurt.$0(OLS)http://semarc/name/16433 773 0 $aJonas, Hans <1903-1993>$tGnosis und spätantiker Geist.$dGöttingen : Vandenhoeck & Ruprecht, 1933-1993.$kForschungen zur Religion und Literatur des Alten und Neuen Testaments$g2$w()840 850 $aSeMil 852 $aSeMil$W1$xVenegono$y1$m2XA S 159/2$j242070$B9187$CSeMilBibl$Z2$F9187 $81 961 $aAcquisto: Casa editrice 996 $6020$a3-525-53841-3$9(OLS)http://semarc/number/14504 996 $6245$a2: Von der Mythologie zur mystischen Philosophie :$berste und zweite Hälfte$9(OLS)http://semarc/title/63039 996 $6264$aGöttingen :$bVandenhoeck & Ruprecht$9(OLS)http://semarc/publisher/29697 LEADER 01185nam a2200265 i 4500 001 000000080947 003 CaOOAMICUS 005 20171113000000.0 008 171113s1972 it u000 u ita u 013 $a53185 040 $aSeMil$bita 100 1 $aTurner, Victor,$d<1920-1983>.$0(OLS)http://semarc/name/38748 240 14$aThe ritual process : structure and anti-structure.$0(OLS)http://semarc/title/404253 245 13$aIl processo rituale :$bstruttura e anti-struttura /$cVictor W. Turner ; con un'introduzione di Dario Zadra. 260 $aBrescia :$bMorcelliana,$c1972. 300 $a229 p., [5] c. di tav. :$bill. ;$c23 cm. 490 0 $aLe scienze umane 650 4$aRito - Religioni.$0(OLS)http://semarc/subject/16043 700 1 $aZadra, Dario.$0(OLS)http://semarc/name/3382 830 3$aLe scienze umane.$0(OLS)http://semarc/title/8591 850 $aSeMil 852 $aSeMil$W1$xVenegono$y1$m3N III 671$j46301$B46301$CSeMilBibl$Z2$F48544 $81 961 $aRecupero: Seminario di Seveso 996 $6245$aIl processo rituale :$bstruttura e anti-struttura$9(OLS)http://semarc/title/404252 996 $6260$aBrescia :$bMorcelliana$9(OLS)http://semarc/publisher/29629 LEADER 01290nam a2200277 i 4500 001 000000060746 003 CaOOAMICUS 005 20000309000000.0 008 000309n it u000 u ita u 013 $a31918 020 $a880205424X 040 $aSeMil$bita 245 10$aAtlante del Novecento. 490 0 $aAtlanti tematici : collezione di volumi monografici dedicati ai principali temi della cultura e del sapere 650 4$aStoria contemporanea - Sec. 20.$0(OLS)http://semarc/subject/51624 650 4$aStoria sociale - Sec. 20. - Studi.$0(OLS)http://semarc/subject/11999 700 1 $aGallino, Luciano,$d<1927-2015>.$0(OLS)http://semarc/name/3492 700 1 $aVattimo, Gianni,$d<1936- >.$0(OLS)http://semarc/name/3579 700 1 $aSalvadori, Massimo L.$0(OLS)http://semarc/name/5307 773 0 $tAtlante del Novecento.$gVol.1$w()543 830 0$aAtlanti tematici : collezione di volumi monografici dedicati ai principali temi della cultura e del sapere.$0(OLS)http://semarc/title/74775 850 $aSeMil 852 $aSeMil$W1$xVenegono$y1$mSL1.G IX 11$j26899$B26899$CSeMilBibl$Z2$F26902 $8I 961 $aAcquisto: UTET (Agente) 996 $6020$a880205424X$9(OLS)http://semarc/number/35972 996 $6245$aAtlante del Novecento$9(OLS)http://semarc/title/93855